| 000 | 01231cab a2200241 4500 | ||
|---|---|---|---|
| 001 | ABS68244 | ||
| 008 | 040924n2004 000 0 eng u | ||
| 035 | _a(Sirsi) u127517 | ||
| 100 | _aRoberts, G. | ||
| 245 | 4 | _aThe use of single frequency GPS to measure the deformations and deflections of structures | |
| 260 | _c2004 | ||
| 490 |
_aCivil Engineering Surveyor _vGIS/GPS Supplement Autumn 2004, 6-12(6) |
||
| 520 | _aDiscusses an integrated approach using GPS accelerometers and pseudolites, as well as showing some of the results obtained. Trials are underway in Nottingham to evaluate the approach, both in a controlled environment as well as on a bridge. The results show that the integrated approach has many advantages over GPS alone and can gather data at a very high rate. The results obtained are of both the magnitude of the deflections as well as the frequencies, both of which are important in obtaining knowledge about the health of the structure. [Taken from journal abstract]. | ||
| 590 | _aABS | ||
| 650 | _aGPS SURVEYS | ||
| 650 | _aDATA GATHERING | ||
| 650 | _aSTRUCTURAL DEFECTS | ||
| 690 | _aGEOMATICS-GPS | ||
| 700 | _aMeng, X. | ||
| 700 | _aCosser, E. | ||
| 700 | _aDodson, A. | ||
| 942 | _n0 | ||
| 999 |
_c74545 _d74545 |
||